Amores adúlteros-- el final / (Record no. 164843)

MARC details
000 -CABECERA
campo de control de longitud fija 00646nam a2200217 a 4500
005 - FECHA Y HORA DE LA ÚLTIMA TRANSACCIÓN
campo de control 20250903063916.0
008 - ELEMENTOS DE LONGITUD FIJA--INFORMACIÓN GENERAL
campo de control de longitud fija 130910s2011 mx r 000 0 spa d
020 ## - NÚMERO INTERNACIONAL NORMALIZADO PARA LIBROS
Número Internacional Estándar del Libro 9786071111623
035 ## - NÚMERO DE CONTROL DEL SISTEMA
Número de control de sistema UPN01000192741
049 ## - COLECCIÓN
Colección CG
050 #4 - SIGNATURA TOPOGRÁFICA DE LA BIBLIOTECA DEL CONGRESO
Número de clasificación PQ7298.28 I9.2
Número de documento/Ítem A4.6
100 1# - ASIENTO PRINCIPAL--NOMBRE PERSONAL
Nombre de persona Rivas, Beatriz,
Fechas asociadas al nombre 1965-
9 (RLIN) 34263
245 10 - MENCIÓN DE TÍTULO
Título Amores adúlteros-- el final /
Mención de responsabilidad, etc. Beatriz Rivas, Federico Traeger.
260 ## - PUBLICACIÓN, DISTRIBUCIÓN, ETC.
Lugar de publicación, distribución, etc. México :
Nombre del editor, distribuidor, etc. Alfaguara,
Fecha de publicación, distribución, etc. 2011.
300 ## - DESCRIPCIÓN FÍSICA
Extensión 255 p.
650 #4 - ASIENTO SECUNDARIO DE MATERIA - TERMINO TEMATICO
Término de materia o nombre geográfico como elemento de entrada Novela mexicana
Subdivisión cronológica Siglo XXI
9 (RLIN) 16447
650 #4 - ASIENTO SECUNDARIO DE MATERIA - TERMINO TEMATICO
Término de materia o nombre geográfico como elemento de entrada Literatura mexicana
Subdivisión cronológica Siglo XXI
9 (RLIN) 17492
700 1# - ASIENTO SECUNDARIO--NOMBRE DE PERSONAL
Nombre de persona Traeger, Federico,
Término indicativo de función/relación coaut.
905 ## - TIPO DE MATERIAL
Tipo de material Libro
Holdings
Estado de retiro Estado de pérdida Fuente del sistema de clasificación o colocación Estado dañado No para préstamo Código de colección Localización permanente Ubicación/localización actual Ubicación en estantería Total de préstamos Clasificación Código de barras Fecha visto por última vez Número de copia Tipo de ítem Koha
    Library of Congress Classification     Colección General Bib. Gregorio Torres Quintero Bib. Gregorio Torres Quintero Planta baja 7 PQ7298.28 I9.2 A4.6 290818 31/12/2020 1 Libro